Engineering properties of rocks / (Record no. 554286)

000 -LEADER
fixed length control field 01953cam a22002417i 4500
020 ## - INTERNATIONAL STANDARD BOOK NUMBER
International Standard Book Number 0128028335
020 ## - INTERNATIONAL STANDARD BOOK NUMBER
International Standard Book Number 9780128028339
082 04 - DEWEY DECIMAL CLASSIFICATION NUMBER
Classification number 624.15132
Author Mark ZHA
-- NUST-02-P-99
100 1# - MAIN ENTRY--PERSONAL NAME
Personal name Zhang, Lianyang,
9 (RLIN) 51736
245 10 - TITLE STATEMENT
Title Engineering properties of rocks /
Statement of responsibility, etc. Lianyang Zhang.
250 ## - EDITION STATEMENT
Edition statement Second edition.
260 ## - PUBLICATION, DISTRIBUTION, ETC.
Place of publication, distribution, etc. New York:.
Name of publisher, distributor, etc. ELSEVIRE,
Date of publication, distribution, etc. 2017
300 ## - PHYSICAL DESCRIPTION
Extent xvi, 378 pages :
Other physical details illustrations ;
Dimensions 23 cm
500 ## - GENERAL NOTE
General note Previous edition: 2006.
505 0# - FORMATTED CONTENTS NOTE
Formatted contents note In situ stresses -- Intact rock -- Rock discontinuities -- Rock masses -- Deformability -- Strength -- Permeability.
520 ## - SUMMARY, ETC.
Summary, etc. "More often than not, it is difficult or even impossible to obtain directly the specific rock parameters of interest using the situ methods. The procedures for measuring most rock properties are also time consuming and expensive. As an alternative, the typical values and/or empirical correlations of similar rocks are commonly used to estimate the specific parameters needed. However, these values and correlations come in many forms and are scattered across the different sources. It is often difficult, time consuming, or even impossible for a practitioner to find appropriate information in order to determine the required rock parameters. Based on the author's extensive experience, Engineering properties of rocks offers a single source of information and serves as a valuable tool for practitioners to evaluate the properties of rocks. It systematically describes the classification and characterization of intact rock, rock discontinuities and rock masses, and presents the various indirect methods for estimating the deformability, strength, and permeability of these components as well as the situ rock stresses"--Back cover.
526 ## - STUDY PROGRAM INFORMATION NOTE
Program name 0
Interest level 0
Reading level 0
Title point value 624_151320000000000_ZHA
650 #0 - SUBJECT ADDED ENTRY--TOPICAL TERM
Topical term or geographic name entry element Rock mechanics.
9 (RLIN) 23489
650 #0 - SUBJECT ADDED ENTRY--TOPICAL TERM
Topical term or geographic name entry element Rocks
General subdivision Testing.
9 (RLIN) 51737
650 #7 - SUBJECT ADDED ENTRY--TOPICAL TERM
Topical term or geographic name entry element Rock mechanics.
9 (RLIN) 23489
650 #7 - SUBJECT ADDED ENTRY--TOPICAL TERM
Topical term or geographic name entry element Rocks
General subdivision Testing.
9 (RLIN) 51737
942 ## - ADDED ENTRY ELEMENTS (KOHA)
Source of classification or shelving scheme
Koha item type Book
Holdings
Withdrawn status Lost status Source of classification or shelving scheme Damaged status Not for loan Permanent Location Current Location Date acquired Cost, normal purchase price Total Checkouts Full call number Barcode Date last seen Price effective from Koha item type
          Military College of Engineering (MCE) Military College of Engineering (MCE) 09/03/2019 13723.62   624.15132 ZHA MCE-51107 09/03/2019 09/03/2019 Book
© 2023 Central Library, National University of Sciences and Technology. All Rights Reserved.